Determinanty a miery marketingovej úspešnosti podnikov

Skúmanie rôznych indikátorov marketingového výkonu. Porovnanie indikátorov finančných a nefinančných, jednokriteriálnych a viackriteriálnych, indikátorov sústredených na celkovú stratégiu a na špecifické aktivity, indikátorov zameraných na efektívnosť a hospodárnosť. Používanie jedného indikátora na...

Ausführliche Beschreibung

Gespeichert in:
Bibliographische Detailangaben
1. Verfasser: Lesáková, Dagmar, 1949-
Format: Buchkapitel
Sprache:Slowakisch
Schlagworte:
Tags: Tag hinzufügen
Keine Tags, Fügen Sie das erste Tag hinzu!

MARC

LEADER 00000naa$a2200000$$$4500
001 0052660
005 20240502071617.6
041 0 |a slo 
044 |a SK 
245 1 0 |a Determinanty a miery marketingovej úspešnosti podnikov  |c Dagmar Lesáková 
520 |a Skúmanie rôznych indikátorov marketingového výkonu. Porovnanie indikátorov finančných a nefinančných, jednokriteriálnych a viackriteriálnych, indikátorov sústredených na celkovú stratégiu a na špecifické aktivity, indikátorov zameraných na efektívnosť a hospodárnosť. Používanie jedného indikátora na hodnotenie marketingovej úspešnosti resp. marketingového výkonu nepostačuje. 
610 2 0 |a marketing 
610 2 0 |a výkon marketingový 
610 2 0 |a likvidita podniku 
610 2 0 |a náklady 
610 2 0 |a rentabilita podniku 
610 2 0 |a rast podniku 
610 2 0 |a výhody konkurenčné 
610 2 0 |a Paretovo pravidlo 
100 1 |a Lesáková, Dagmar, 1949-